000 00552nam a22001932 4500
001 0000011777
005 20151217155847.0
008 090108s xx 000 0 eng d
040 _aKABU
_cKABU
100 1 _aClarke, P. H. C.
_@0000167782
245 1 2 _aA Short history of Tanganyika /
_cP. H. C. Clarke.
250 _a1st ed.
260 _aLondon :
_bLongmans,
_c1960.
300 _a154 p.
651 0 _aTanzania
_xHistory.
_@0000148641
852 1 _9p200 KES
908 _a090108
950 _@1
999 _c13387
_d13387